00734nam a2200193 a 450000100100000000500170001000800410002702000150006804000250008308200140010824500950012226000700021730000250028750000500031270000340036204900090039695201180040599900170052300002612420200930024325.0110301s2000 pe r 000 0 spa d a9972755649 aDO-SdBNPbspacBNPHU annnbC39701aLos centros de innovación tecnológica :bley y reglamento ; prólogo de Pablo Macera. aLima, (Perú) :bFondo Editorial del Congreso del Perú,c2000. a64, [2] p. ;c17 cm. aLey de centros de innovación tecnológica.1 aMacera, Pabloepról.932097 aBNGR 001054708MOaGRbGRcCTd2011-03-01iLF1l0onnn C397p26124-10r2020-06-25w2020-06-25y4ZPréstamo en sala c25616d25616